000 00378nam a2200145Ia 4500
008 231129s1995||||xx |||||||||||||| ||spa||
020 _a958-33-0212-0
040 _bspa
082 _aCo861.44 / C965c
100 _aGuiomar Cuesta Escobar
245 0 _aCeremonia del amor
260 _c1995
264 _aOllave Editores
942 _2ddc
_cBKS
999 _c6853
_d6853